Čakanie na nový zákon

Financovanie cirkví na Slovensku. Prehľad poskytnutých prostriedkov zo štátneho rozpočtu. Iné zdroje financovania cirkví. Modely financovania cirkví vo svete. Právna úprava financovania cirkví na Slovensku.

Salvato in:
Dettagli Bibliografici
Autore principale: Ragáčová, Katarína
Natura: Capitolo di libro
Lingua:slovacco
Soggetti:
Tags: Aggiungi Tag
Nessun Tag, puoi essere il primo ad aggiungerne!!

MARC

LEADER 00000naa a2200000 4500
001 r049064
005 20230920090642.6
041 0 |a slo 
044 |a SK 
245 1 0 |a Čakanie na nový zákon  |c Katarína Ragáčová 
520 |a Financovanie cirkví na Slovensku. Prehľad poskytnutých prostriedkov zo štátneho rozpočtu. Iné zdroje financovania cirkví. Modely financovania cirkví vo svete. Právna úprava financovania cirkví na Slovensku. 
610 2 0 |a financovanie 
610 2 0 |a cirkev 
610 2 0 |a Slovensko 
610 2 0 |a rozpočet štátny 
610 2 0 |a financie štátne 
610 2 0 |a krajiny vyspelé 
100 1 |a Ragáčová, Katarína